000 00395nam a2200157Ia 4500
008 231217s9999 xx 000 0 und d
041 _aEnglish
082 _a001.6424JAV WIN `R'
100 _aWinston,Patrick Henry Sundar Narsimhan
245 0 _aOn to Java
250 _a2nd ed.
260 _c1999
_bMassachusetts : Addison-Wesley,
300 _axi+379
650 _aJava
942 _cAA
999 _c166880
_d166880